Responses for show #7616 - Monday, October 23, 2017

Contestants

Nan Bauer, a writer from Brooklyn, Michigan

Marcus Leung, a fashion buyer from San Francisco, California

Kathleen Kosman, an attorney from Dearborn, Michigan (whose 1-day cash winnings total $20,400)

Jeopardy! Round responses

HISTORY, WITH SOUND EFFECTS
FOOD TALK
STATE OF THE UNION HEADQUARTERS
PLAY THE JOKER
20th CENTURY NOVELS
ENDS IN "EE"
    $200 13
Richard III

Nan
    $200 11
anchovies

Nan
    $200 19
New York

Nan
    $200 1
Heath Ledger

Marcus
    $200 6
Catch-22

Kathleen
    $200 25
emcee

Marcus
    $400 14
(Marcus: Who is Farragut?)

(Robert) Fulton

KathleenMarcus
    $400 12
ambrosia

Nan
    $400 20
California

Kathleen
    $400 2
Zach Galifianakis

Kathleen
    $400 7
Doctor Zhivago

Nan
    $400 26
rupee

Kathleen
    $600 15
Warsaw

Marcus
    $600 16
huevos rancheros

Nan
    $1,200 21
Illinois

Kathleen
    $600 3
(Jack) Nicholson

Marcus
    $600 8
Flowers for Algernon

Marcus
    $600 29
toupee

Marcus
    $800 23
(Nan: Who is Wyatt Earp?)

Pat Garrett

Nan
Triple Stumper
    $800 17
teriyaki

Marcus
    $800 22
steel workers

Nan
    $800 4
Suicide Squad

Kathleen
    $800 9
Trainspotting

Nan
    $800 30
Tennessee

Nan
    $1000 24
(Alex: Less than a minute now.)

Dauphin

Marcus
    $1000 18
coq au vin

Nan
    $1000 27
longshoremen

Kathleen
    $1000 5
(Kathleen: Who is Roman?)

(Cesar) Romero

KathleenMarcus
    $1000 10
(James) Baldwin

Nan
    $1000 28
(Nan: Who are the Seneca?)

Shawnee

Nan
Triple Stumper

Scores at the first commercial break (after clue 15):

Kathleen Marcus Nan
$800 $2,600 $3,000

Scores at the end of the Jeopardy! Round:

Kathleen Marcus Nan
$3,800 $5,200 $4,600

Double Jeopardy! Round responses

SALT BAY
VOCABULARY
PHILOSOPHY IN A NUTSHELL
AN "L" OF A TEAM
BIRDS OF A FEATHER
REMEMBER THE...
    $400 16
South Carolina

Triple Stumper
    $400 11
corporal

Marcus
    $400 1
I think

Marcus
    $400 9
the (Tampa Bay) Lightning

Kathleen
    $400 6
a cardinal

Marcus
    $400 19
the Maine

Kathleen
    $800 24
Sardinia

Nan
    $800 12
a flask

Nan
    $800 2
animals

Kathleen
    $800 10
the Lakers

Nan
    $800 7
(Nan: What is a seagull?)

an albatross

Nan
Triple Stumper
    $800 20
Titans

Marcus
    $1200 25
(Alex: You see them when you fly in.)

San Francisco Bay

Triple Stumper
    $1200 13
a cowcatcher

Triple Stumper
    $1200 3
metaphysics

Marcus
    $1200 30
the Lumberjacks

Kathleen
    $1200 8
a parliament

Nan
    $1200 21
the Alamo

Nan
    $2,000 26
the Loire

Nan
    $1600 14
immolate

Marcus
    $1600 4
a skeptic

Marcus
    $1600 29
the Lady Vols

Triple Stumper
    $5,000 17
(Nan: What is a rhea?)

a kiwi

Nan
    $1600 22
September

Nan
    $2000 27
(Nan: What is garam masala?)

fish sauce

MarcusNan
    $2000 15
nadir

Nan
    $2000 5
(Kathleen: Who is Kierkegaard?)

Nietzsche

Kathleen
Triple Stumper
    $2000 28
Lobos

Kathleen
    $2000 18
a ptarmigan

Nan
    $2000 23
the milk

Nan

Scores at the end of the Double Jeopardy! Round:

Kathleen Marcus Nan
$6,600 $13,600 $11,200

[wagering suggestions for these scores]

Final Jeopardy! Round responses

ENGLISH LITERATURE
(Alex: [To Kathleen] 28 years marooned on that island.)
KathleenWhat is Robinson Crusoe?
$6,000
NanWhat is Robinson Crusoe?
$3,801
MarcusWhat is Island of Dr Moreau
$4,400
Robinson Crusoe

Final scores:

Kathleen Marcus Nan
$12,600 $9,200 $15,001
2nd place: $2,000 3rd place: $1,000 New champion: $15,001

Game dynamics:

Coryat scores:

Kathleen Marcus Nan
$6,000 $13,600 $15,800
13 R
(including 1 DD),
2 W
17 R,
1 W
21 R
(including 1 DD),
5 W
(including 1 DD)

Combined Coryat: $35,400

The J! Archive is created by fans, for fans. The Jeopardy! game show and all elements thereof, including but not limited to copyright and trademark thereto, are the property of Jeopardy Productions, Inc. and are protected under law. This website is not affiliated with, sponsored by, or operated by Jeopardy Productions, Inc. Join the discussion at JBoard.tv.